| 000 | 00698cam a22002413a 4500 | ||
|---|---|---|---|
| 001 | 11755 | ||
| 003 | PGUSA | ||
| 005 | 20140828083240.0 | ||
| 008 | 040301s2004||||xxu|||||s|||||000 | eng d | ||
| 040 |
_aPGUSA _beng |
||
| 042 | _adc | ||
| 050 | 4 | _aM | |
| 100 | 1 |
_aBeethoven, Ludwig van, _d1770-1827 |
|
| 245 | 1 | 0 |
_aString Quartet No. 10 in E flat major Opus 74 "Harp" _h[electronic resource] / _cLudwig van Beethoven |
| 260 |
_bProject Gutenberg, _c2004 |
||
| 506 | _aPublic domain in the USA. | ||
| 516 | _aElectronic text | ||
| 653 | _aString quartets -- Scores | ||
| 653 | _aMusic | ||
| 830 | 0 |
_aProject Gutenberg _v11755 |
|
| 856 | 4 | 0 | _uhttp://www.gutenberg.org/ebooks/11755 |
| 942 | _cEB | ||
| 999 |
_c241010 _d241010 |
||